Quizzes
Events
Quiz Creation
Community
Videos
Private Events
Remove Ads
Sign In
Join for FREE
Feedback
Dark Mode
Quiz Categories
Sports
Geography
Music
Movies
Television
Just For Fun
Miscellaneous
History
Literature
Language
Science
Gaming
Entertainment
Religion
Holiday
For Kids
Quiz Lab
Recent
Popular Today
Quiz Kudos Today
Editor Picks
Curator Picks
Quizzes by...
Day
Popularity
Type
Ratings
Length
Year
Community
Subscriptions
Recent Discussions
Orange Saloon
Badges
Playlists
Quests
Create
Leaderboards
Showdown
Live 5
Trivia Bingo
Activity
Puzzle Library
Sporcle Events
Private Events
Virtual Trivia
Globe League
Become a Host
Pub Owners
SporcleCon
Opinionation
Our Games
Videos
Blog
Mobile Apps
Partnerships
Remove Ads and Go Orange
Feedback
Sports
Athletes
MLB
NBA
NHL
NFL
Soccer
Sports Teams
WWE
NCAA
Football
Premier League
Basketball
Baseball
Hockey
Golf
Tennis
Cricket
Rugby
Auto Racing
Olympics
World Cup
Sports
Athletes
MLB
NBA
NHL
NFL
Soccer
Sports Teams
WWE
NCAA
Football
Premier League
Basketball
Baseball
Hockey
Golf
Tennis
Cricket
Rugby
Auto Racing
Olympics
World Cup
Random Quiz
Search Sporcle
×
Quiz Lab
Quiz Lab
Sports
Baseball
Type in answers that appear in a list
Type in answers that appear in a list
Classic
Best Score? Go Orange.
MLB Starting Nines (2007) Stats
Can you name the starting nines for each team in 2007?
By
phillipjfry
20m
254 Questions
383 Plays
383 Plays
383 Plays
Comments
Comments
Give Quiz Kudos
Give Quiz Kudos
-
- Ratings
hide this ad
Replay
Link that replays current quiz
Next Quiz
Link to next quiz in quiz playlist
You Got
0%
They Got
Avg Score
67%
Avg Friend Score
Upgrade to see
Score Distribution
Jump to the score distribution portion of the page
Score
0/254
Timer
20:00
0
Plays Today
Player
% Correct
Alex Rodriguez
97.1%
Ivan Rodriguez
97.1%
Jorge Posada
96.9%
Manny Ramirez
96.9%
Hanley Ramirez
96.9%
Aramis Ramirez
96.9%
Derek Jeter
96.6%
Robinson Cano
95.5%
David Ortiz
95.3%
Jason Varitek
94.8%
Miguel Cabrera
94.2%
Melky Cabrera
94%
Orlando Cabrera
94%
Chipper Jones
93.7%
Andruw Jones
93.5%
Jacque Jones
93.5%
Delmon Young
92.4%
Michael Young
92.4%
Ryan Howard
92.4%
Dmitri Young
92.4%
Jimmy Rollins
92.1%
Chris Young
92.1%
Dustin Pedroia
91.9%
Joe Mauer
91.9%
Chase Utley
91.9%
Jason Giambi
91.4%
Victor Martinez
90.6%
Justin Morneau
90.6%
Paul Konerko
90.1%
Prince Fielder
89.5%
Alex Gonzalez
89.5%
Luis Gonzalez
89.5%
Adrian Gonzalez
89.5%
Carlos Pena
89%
Tony Pena
88.7%
Albert Pujols
88.7%
Russell Martin
88.7%
Mark Teixeira
88.5%
David Wright
88.5%
Kevin Youkilis
88.2%
Yadier Molina
88.2%
Bengie Molina
88.2%
Hideki Matsui
88%
Jose Reyes
87.7%
Derrek Lee
87.7%
Kazuo Matsui
87.7%
Carlos Lee
87.4%
Lance Berkman
86.6%
Carlos Beltran
86.4%
Ryan Braun
86.1%
J.D. Drew
85.9%
Dan Johnson
85.9%
Kelly Johnson
85.9%
Carlos Delgado
85.9%
Stephen Drew
85.9%
A.J. Pierzynski
85.3%
Brian McCann
85.3%
B.J. Upton
85.1%
Todd Helton
85.1%
Carl Crawford
84.8%
Brian Roberts
84.8%
Adrian Beltre
84.8%
Torii Hunter
84.6%
Ichiro Suzuki
84.6%
Scott Rolen
84.3%
Dave Roberts
84.3%
Carlos Ruiz
84%
Vernon Wells
83.5%
Mike Lowell
83.2%
Magglio Ordonez
83%
Travis Hafner
83%
Aaron Hill
82.5%
Vladimir Guerrero
82.5%
Placido Polanco
82.2%
Ian Kinsler
81.9%
Curtis Granderson
81.7%
Brandon Phillips
81.2%
Adam Dunn
81.2%
Rickie Weeks
80.9%
Grady Sizemore
80.4%
Eric Chavez
80.4%
Ryan Zimmerman
80.4%
Bobby Abreu
80.1%
Troy Tulowitzki
80.1%
Alfonso Soriano
79.8%
Player
% Correct
Melvin Mora
79.6%
Jim Thome
79.6%
Nick Markakis
79.3%
Luis Castillo
78.8%
Luis Castillo
78.8%
Jermaine Dye
78.5%
Josh Hamilton
78.5%
Garret Anderson
78.3%
Matt Holliday
78%
Miguel Tejada
77.7%
Mike Napoli
77.2%
Frank Thomas
77%
Gary Sheffield
77%
Ken Griffey, Jr.
76.7%
Freddy Sanchez
76.7%
Shawn Green
76.4%
Jason Bay
76.2%
Michael Cuddyer
75.9%
Nelson Cruz
75.9%
Raul Ibanez
75.7%
Shane Victorino
75.4%
Jason Kendall
74.9%
Andre Ethier
74.9%
Jose Lopez
74.6%
Paul Lo Duca
74.6%
Felipe Lopez
74.3%
Coco Crisp
74.1%
Alex Rios
74.1%
Jim Edmonds
74.1%
Craig Biggio
74.1%
Barry Bonds
74.1%
Carlos Guillen
73.3%
Howie Kendrick
73.3%
Jose Guillen
73.3%
Juan Encarnacion
73.3%
Edwin Encarnacion
73.3%
Jack Wilson
73.3%
Corey Hart
73%
Brandon Inge
72.8%
Ramon Hernandez
72.3%
Pat Burrell
72.3%
Dan Uggla
72.3%
Rafael Furcal
72.3%
Conor Jackson
72%
Jeff Kent
72%
Jose Bautista
71.7%
Mark Ellis
70.7%
Jhonny Peralta
70.4%
Julio Lugo
70.2%
Chone Figgins
70.2%
Juan Pierre
69.9%
Adam LaRoche
69.6%
J.J. Hardy
69.1%
Billy Butler
68.8%
Edgar Renteria
68.8%
James Loney
68.3%
Richie Sexson
68.1%
Lyle Overbay
67.8%
Troy Glaus
67.5%
Aubrey Huff
66.8%
Alex Gordon
66.5%
Aaron Rowand
66.5%
David Eckstein
66.5%
Dioner Navarro
66.2%
Juan Uribe
66.2%
Nick Swisher
65.7%
Jeff Francoeur
65.7%
Adam Lind
65.4%
Bill Hall
65.4%
Mark Reynolds
65.4%
Jason Kubel
64.9%
John Buck
64.4%
Travis Buck
64.4%
Scott Podsednik
64.1%
Jason Bartlett
64.1%
Casey Blake
63.9%
Pedro Feliz
63.9%
Brad Hawpe
63.6%
Garrett Atkins
63.1%
Mike Piazza
62.8%
Hunter Pence
62.8%
Mike Cameron
62.3%
Ryan Theriot
61.5%
Brad Ausmus
61.5%
Brian Giles
60.7%
Player
% Correct
Sammy Sosa
60.5%
Marcus Giles
60.5%
Sean Casey
59.9%
David DeJesus
59.7%
Yuniesky Betancourt
59.7%
Omar Vizquel
59.4%
Josh Willingham
58.9%
Moises Alou
58.6%
Khalil Greene
56.8%
Casey Kotchman
56.5%
Nomar Garciaparra
56.5%
Orlando Hudson
55.8%
Ray Durham
55.5%
Yorvit Torrealba
55.5%
Adam Kennedy
55.2%
Morgan Ensberg
55.2%
David Ross
54.7%
Adam Everett
54.2%
Bobby Crosby
53.9%
Cliff Floyd
53.7%
Gregg Zaun
53.4%
Kevin Millar
53.4%
Doug Mientkiewicz
51.6%
Shannon Stewart
51.6%
Luke Scott
51.6%
Brian Schneider
51%
Nick Punto
50.5%
Geoff Jenkins
49.7%
Tadahito Iguchi
49.5%
Randy Winn
49.5%
Ty Wigginton
48.7%
Akinori Iwamura
48.4%
Michael Barrett
48.4%
Carlos Quentin
48.4%
Miguel Olivo
47.6%
Emil Brown
47.1%
Jose Vidro
47.1%
Austin Kearns
46.9%
Gary Matthews, Jr.
46.6%
Kenny Lofton
46.3%
Chris Snyder
45.5%
Kenji Johjima
45.3%
Eric Byrnes
45.3%
Trot Nixon
45%
Ronnie Belliard
45%
Mike Jacobs
44.5%
Mark Grudzielanek
44.2%
Willy Taveras
44%
Gerald Laird
43.7%
Xavier Nady
43.7%
Mark DeRosa
43.5%
Ryan Klesko
43.2%
Matt Diaz
42.7%
Scott Hatteberg
42.7%
Brendan Harris
42.4%
Kevin Kouzmanoff
41.6%
Corey Patterson
41.1%
Ryan Garko
40.1%
Mark Teahen
37.7%
Craig Monroe
37.4%
Ryan Church
37.4%
Jeremy Hermida
36.9%
Chris Duncan
36.9%
John McDonald
36.1%
Johnny Estrada
36.1%
Shea Hillenbrand
34%
Josh Barfield
33.5%
Jay Payton
32.2%
Frank Catalanotto
31.7%
Abraham Nunez
29.6%
Ronny Paulino
29.3%
Ross Gload
29.1%
Jason Michaels
27.5%
Josh Bard
27.5%
Chris Duffy
24.9%
Alfredo Amezaga
24.6%
Scott Thorman
23.8%
Ramon Vazquez
19.9%
Josh Fields
18.8%
Greg Norton
16%
Jerry Owens
14.9%
Terrmel Sledge
14.1%
Nook Logan
13.6%
Jason Tyner
7.6%
Quiz Playlist
Details
Report
Send in Message
Add To Playlist
Classic:
Type in answers that appear in a list
Last Updated: Feb 16, 2017
Quiz Scoreboard
CHALLENGE
Sign Up to Join the Scoreboard
Show All
Scores
Hide
Comments
May contain spoilers
Recently Published
Popular People in 1961
by mucciniale
History
6m
1-10 Letter E Words III
by El_Dandy
Language
2m
One Thing in Common: World Cities II
by knightlancer
Geography
7m
More to Explore
Quiz From the Vault
Featured Blog Post
Where Did the Easter Bunny Come From?
hide this ad
You Might Also Like...
Tags
Baseball Quiz
MLB Quiz
Nintendo Quiz
1990s
Starting
Today's Top Quizzes in Sports
Browse Sports
hide this ad
Today's Top Quizzes in Baseball
Browse Baseball
Top Contributed Quizzes in Sports
1
2022 World Cup Stars
2
Les entraîneurs de l'OM et du PSG au 21e siècle
3
FIFA Club World Cup Champions
4
Criteria MLB: Left Handed Sluggers
5
Les meilleurs buteurs des matchs entre le PSG et l’OM
6
Name the Premier League winners with different clubs
7
Players with Multiple 50 Home Run Seasons
8
MLB Players with Two .350 Batting Average Seasons
9
La finale Lions - Afrique du Sud 2021
10
MLB Hall of Famer by Rings
Explore More
Trending Topics
Disney
Crossword
Harry Potter
Kpop
NBA
Anime
Marvel
Song
NFL
The Office
Pokémon
Soccer
WWE
Country
Puzzle
hide this ad
More By:
phillipjfry
Quiz
Plays
Rating
Category
Featured
Created
Clickable Walt Disney World Hotels
46,728
4.18
Entertainment
Apr 3, 2012
Which South Park Kid Did This?
5,797
2.15
Television
Oct 6, 2012
Survivor: Top 10 Finishers From Every Season
4,659
4.79
Television
Apr 9, 2012
Total Drama: Top Ten Finishers by Season
3,547
5.00
Television
Jul 23, 2014
Walt Disney World Secrets 1
1,925
4.50
Entertainment
Mar 20, 2012
Go to Creator's Profile
Score Distribution
Quiz Creator Spotlight
phillipjfry
Follow
Send a Message
Quizzes Created
-
Created Quiz Play Count
-
More By This Creator
Popular Quizzes Today
1
Find the US States - No Outlines Minefield
2
The Countries of the World
3
Popular People in 1961
4
Find the Countries of Europe - No Outlines Minefield
5
1-10 Letter E Words III
6
Find the US States
7
One Thing in Common: World Cities II
8
US States
More Sports Quizzes
England World Cup: 1998 manager or not?
Quiz Lab
Trending Quizzes
1-10 Letter F Words
One Thing in Common: Music
1-10 Letter G Words
Risky Map Clicking: Next State Alphabetically
1-10 Letter F Words II
Recently Updated
Leaping Animals
pecheneg
Reality TV Shows (A-Z)
bhenderson79
Rickey Henderson's Hall of Fame Teammates
pecheneg
Champions League XIs: Arsenal
pecheneg
Quick Pick: Celebrities in WWE's Hall of Fame
aduchscher
A-Z Keypad Blitz II
pecheneg
Multiple Oscar Actors
pecheneg
Mystery Phrase Blitz: Oscar 'Best Actors'
pecheneg
F. Scott Fitzgerald Novels
LTH
Pick 3 Villains
ddd62291
Trending Topics
Crossword
Kpop
Anime
Harry Potter
Disney
NBA
Marvel
NFL
Country
WWE
Puzzle
Soccer
Pokémon
The Office
Song
Your Account Isn't Verified!
In order to create a playlist on Sporcle, you need to verify the email address you used during registration. Go to your
Sporcle Settings
to finish the process.
Report this User
Report this user for behavior that violates our
Community Guidelines
.
Details:
Send Report
Go to the Sporcle.com Mobile Site →
Comments